000 01219nab a2200373 4500
003 BR-BrBNA
005 20241110230246.0
008 241110b bl.||||| |||| 00| 0 por d
040 _aBR-BrBNA
_bpor
072 _aS01 ; Q02 ; E70
100 _aViana, Mayra Monteiro
100 _aSabio, Renata Pozelli
245 _aQuem come fora, come mais hortifruti!
500 _a20 illus.; 4 tables; 1 graph
520 _aPRATICIDADE NA ALIMENTAÇÃO
520 _aSERVIÇOS DE ALIMENTAÇÃO
520 _aREFEIÇÃO FORA DO LAR
520 _aCENTRAL DE ABASTECIMENTO
650 _aHORTALIÇA
650 _aFRUTA
650 _aCONSUMO ALIMENTAR
650 _aHÁBITO ALIMENTAR
650 _aALIMENTO PREPARADO
650 _aPROCESSAMENTO MÍNIMO
650 _aQUALIDADE DO ALIMENTO
650 _aSEGURANÇA ALIMENTAR
650 _aABASTECIMENTO
650 _aDISTRIBUIÇÃO
650 _aMERCADO VAREJISTA
650 _aAGROINDÚSTRIA
773 0 _04115
_9345387
_dPiracicaba-SP Centro de Estudos Avançados em Economia Aplicada-CEPEA/USP/ESALQ 2002
_o2024-5923
_tHortifruti Brasil (Brazil)
_x1981-1837
_gv. 7(78) p. 6-13; (Apr 2009)
_wBR2024003153
942 _cANA
999 _c328543
_d328543